Combustion Science and Engineering / (Record no. 11679)
[ view plain ]
| 000 -LEADER | |
|---|---|
| fixed length control field | 01552cam a22003494a 4500 |
| 001 - CONTROL NUMBER | |
| control field | 13981410 |
| 005 - DATE AND TIME OF LATEST TRANSACTION | |
| control field | 20070717173420.0 |
| 008 - FIXED-LENGTH DATA ELEMENTS--GENERAL INFORMATION | |
| fixed length control field | 050525s2007 flua b 001 0 eng |
| 010 ## - LIBRARY OF CONGRESS CONTROL NUMBER | |
| LC control number | 2005050219 |
| 015 ## - NATIONAL BIBLIOGRAPHY NUMBER | |
| National bibliography number | GBA533544 |
| Source | bnb |
| 016 7# - NATIONAL BIBLIOGRAPHIC AGENCY CONTROL NUMBER | |
| Record control number | 013180155 |
| Source | Uk |
| 020 ## - INTERNATIONAL STANDARD BOOK NUMBER | |
| International Standard Book Number | 0849320712 (alk. paper) |
| 020 ## - INTERNATIONAL STANDARD BOOK NUMBER | |
| International Standard Book Number | 9780849320712 (alk. paper) |
| 035 ## - SYSTEM CONTROL NUMBER | |
| System control number | (OCoLC)ocm60543325 |
| 035 ## - SYSTEM CONTROL NUMBER | |
| System control number | (OCoLC)60543325 |
| 040 ## - CATALOGING SOURCE | |
| Original cataloging agency | DLC |
| Transcribing agency | DLC |
| Modifying agency | BAKER |
| -- | BTCTA |
| -- | C#P |
| -- | YDXCP |
| -- | YDX |
| -- | UKM |
| -- | DLC |
| 042 ## - AUTHENTICATION CODE | |
| Authentication code | pcc |
| 050 00 - LIBRARY OF CONGRESS CALL NUMBER | |
| Classification number | TJ254.5 |
| Item number | .A56 2007 |
| 082 00 - DEWEY DECIMAL CLASSIFICATION NUMBER | |
| Classification number | 621.4023 |
| Edition number | 22 |
| Item number | ANN |
| 100 1# - MAIN ENTRY--PERSONAL NAME | |
| Personal name | Annamalai, Kalyan. |
| 9 (RLIN) | 5573 |
| 245 10 - TITLE STATEMENT | |
| Title | Combustion Science and Engineering / |
| Statement of responsibility, etc | Kalyan Annamalai, Ishwar K. Puri. |
| 260 ## - PUBLICATION, DISTRIBUTION, ETC. (IMPRINT) | |
| Place of publication, distribution, etc | Boca Raton : |
| Name of publisher, distributor, etc | CRC Press/Taylor & Francis, |
| Date of publication, distribution, etc | c2007. |
| 300 ## - PHYSICAL DESCRIPTION | |
| Extent | lv, 1121 p. : |
| Other physical details | ill. ; |
| Dimensions | 27 cm. |
| 440 #0 - | |
| -- | CRC series in computational mechanics and applied analysis |
| -- | 5574 |
| 504 ## - BIBLIOGRAPHY, ETC. NOTE | |
| Bibliography, etc | Includes bibliographical references (p. 1069-1084) and index. |
| 650 #0 - SUBJECT ADDED ENTRY--TOPICAL TERM | |
| Topical term or geographic name as entry element | Combustion engineering. |
| 9 (RLIN) | 5575 |
| 700 1# - ADDED ENTRY--PERSONAL NAME | |
| Personal name | Puri, Ishwar Kanwar, |
| Dates associated with a name | 1959- |
| 9 (RLIN) | 5576 |
| 856 42 - ELECTRONIC LOCATION AND ACCESS | |
| Materials specified | Publisher description |
| Uniform Resource Identifier | <a href="http://www.loc.gov/catdir/enhancements/fy0646/2005050219-d.html">http://www.loc.gov/catdir/enhancements/fy0646/2005050219-d.html</a> |
| 942 ## - ADDED ENTRY ELEMENTS (KOHA) | |
| Source of classification or shelving scheme | Dewey Decimal Classification |
| Item type | Book - Borrowing |
| Withdrawn status | Item status | Source of classification or shelving scheme | Damaged status | Not for loan | Vendor | Home library | Current library | Shelving location | Date acquired | Source of acquisition | Cost, normal purchase price | Serial Enumeration / chronology | Total Checkouts | Total Renewals | Full call number | Barcode | Date last seen | Date last borrowed | Koha item type |
|---|---|---|---|---|---|---|---|---|---|---|---|---|---|---|---|---|---|---|---|
| Dewey Decimal Classification | Alahram | Central Library | Central Library | First floor | 28/05/2009 | 486.00 | 354 | 3 | 4 | 621.4023 ANN | 000016527 | 15/07/2025 | 16/09/2015 | Book - Borrowing |